<?xml version="1.0" encoding="UTF-8"?>
<collection xmlns:xsi="http://www.w3.org/2001/XMLSchema-instance" xsi:schemaLocation="http://www.loc.gov/MARC21/slim http://www.loc.gov/standards/marcxml/schema/MARC21slim.xsd" xmlns="http://www.loc.gov/MARC21/slim">
 <record>
  <leader>00000cam a22000004a 4500</leader>
  <controlfield tag="001">UP-99796217608962107</controlfield>
  <controlfield tag="003">Buklod</controlfield>
  <controlfield tag="005">20090822164549.0</controlfield>
  <controlfield tag="006">m     o  j        </controlfield>
  <controlfield tag="007">ta</controlfield>
  <controlfield tag="008">080522s2009    dcu     rb   |001 0|eng d</controlfield>
  <datafield tag="020" ind1=" " ind2=" ">
   <subfield code="a">9781565182509 (pbk.)</subfield>
  </datafield>
  <datafield tag="020" ind1=" " ind2=" ">
   <subfield code="a">1565182502 (pbk.)</subfield>
  </datafield>
  <datafield tag="035" ind1=" " ind2=" ">
   <subfield code="a">(iLib)UPD-00107899668</subfield>
  </datafield>
  <datafield tag="040" ind1=" " ind2=" ">
   <subfield code="a">DLC</subfield>
   <subfield code="d">DML</subfield>
  </datafield>
  <datafield tag="041" ind1=" " ind2=" ">
   <subfield code="a">eng</subfield>
  </datafield>
  <datafield tag="042" ind1=" " ind2=" ">
   <subfield code="a">DMLUC</subfield>
  </datafield>
  <datafield tag="090" ind1=" " ind2=" ">
   <subfield code="a">BL 65 C8</subfield>
   <subfield code="b">R45 2009</subfield>
  </datafield>
  <datafield tag="245" ind1="0" ind2="0">
   <subfield code="a">Relations between religions and cultures in southeast Asia</subfield>
   <subfield code="b">Indonesian philosophical studies, I</subfield>
   <subfield code="c">edited by Gadis Arivia, Donny Gahral Adian.</subfield>
  </datafield>
  <datafield tag="264" ind1=" " ind2="1">
   <subfield code="a">Washington, D.C.</subfield>
   <subfield code="b">Council for Research in Values and Philosophy</subfield>
   <subfield code="c">c2009.</subfield>
  </datafield>
  <datafield tag="300" ind1=" " ind2=" ">
   <subfield code="a">258  p.</subfield>
  </datafield>
  <datafield tag="490" ind1="1" ind2=" ">
   <subfield code="a">Cultural heritage and contemporary change. Series IIID, Southeast Asia</subfield>
   <subfield code="v">v. 6</subfield>
  </datafield>
  <datafield tag="490" ind1="1" ind2=" ">
   <subfield code="a">Indonesian philosophical studies</subfield>
   <subfield code="v">1</subfield>
  </datafield>
  <datafield tag="505" ind1="0" ind2=" ">
   <subfield code="a">Principles of cooperation between cultures -- The reception of modern hermeneutics in southeast Asia / Ahmad Kazemi Moussavi -- Religiosity : a sure foundation / Corazon T. Toralba -- Religion, culture and identity revisited / Bambang Sugiharto -- Towards understanding religions and cultures in southeast Asia / Joseph I. Fernando -- Life wisdom of Sasongko Jati / Mudji Sutrisno -- A reflections on the future of Asian philosophy / Tran Van Doan -- Religion in the national cultures of southeast Asia -- Religious practices and political life in Cambodia today / Sok Keang -- Christianity and Thai culture / Warayuth Sriwarakuel -- Catholicism in community development in Vietnam : its meaning / Do Han Lien -- Roman Catholicism and Filipino culture / Rolando M. Gripaldo -- Reading rumi within the Indonesian context / Mulyadhi Kartanegara -- Religion and popular imagination : Islam in contemporary Indonesian culture / Yasraf Amir Piliang -- Women and Islamic culture in Indonesia / Siti Musdah Mulia -- Religion, cultures and intercultural cooperation -- Political liberalism : a defense of state neutrality and civil tolerance / Roy Voragen -- The plurality of religions in terms of Levinas' notion of responsibility / Haryatmoko -- The Vietnamese tradition of reconciling cultures and religions / Li Thi Lan -- Towards solidarity and peace between Filipino Christians and Muslims / Manuel B. Dy, Jr. -- Peaceful tradition : transformation in southeast Asia / Siswono Yudohusodo.</subfield>
  </datafield>
  <datafield tag="650" ind1=" " ind2="0">
   <subfield code="a">Religion and culture</subfield>
   <subfield code="z">Southeast Asia.</subfield>
  </datafield>
  <datafield tag="700" ind1="1" ind2=" ">
   <subfield code="a">Adian, Donny Gahral</subfield>
   <subfield code="d">1974-.</subfield>
  </datafield>
  <datafield tag="700" ind1="1" ind2=" ">
   <subfield code="a">Arivia, Gadis.</subfield>
  </datafield>
  <datafield tag="710" ind1="2" ind2=" ">
   <subfield code="a">Vien triet hoc (Hanoi, Vietnam).</subfield>
  </datafield>
  <datafield tag="830" ind1=" " ind2="0">
   <subfield code="a">Cultural heritage and contemporary change.</subfield>
   <subfield code="n">Series IIID</subfield>
   <subfield code="p">South East Asia</subfield>
   <subfield code="v">v. 6.</subfield>
  </datafield>
  <datafield tag="830" ind1=" " ind2="0">
   <subfield code="a">Indonesian philosophical studies</subfield>
   <subfield code="v">1.</subfield>
  </datafield>
  <datafield tag="905" ind1=" " ind2=" ">
   <subfield code="a">FO</subfield>
  </datafield>
  <datafield tag="950" ind1=" " ind2=" ">
   <subfield code="a">Monograph</subfield>
  </datafield>
  <datafield tag="852" ind1="0" ind2=" ">
   <subfield code="a">UPD</subfield>
   <subfield code="b">DMLS</subfield>
   <subfield code="h">BL 65 C8 R45 2009</subfield>
  </datafield>
  <datafield tag="942" ind1=" " ind2=" ">
   <subfield code="a">Book</subfield>
  </datafield>
 </record>
</collection>
